000 00637nam a2200253Ia 4500
003 OSt
005 20221007105334.0
006 a|||||r|||| 00| 0
007 ta
008 221006b |||||||| |||| 00| 0 eng d
024 _a18,286
037 _cTextual
040 _aLCO
_cLCO
_beng
041 _2eng
_aeng
082 _aZ2,3, K9
100 _aVenkatesam E
245 0 _aHandbook on Mercantile Law
250 _a6th
260 _aMadras
_bMadras Law Journal Office India
_c1969
300 _a655
650 _aMERCANTILE LAW
_9402489
942 _hZ2,3, K9
_cTEXL
999 _c1187849
_d1187849